| 000 | 01283cam a22002174a 4500 | ||
|---|---|---|---|
| 005 | 20250605164308.0 | ||
| 008 | 250528s ||||||||||||||||||||||||d | ||
| 035 | _a22373 | ||
| 020 | _a9789603434221 | ||
| 040 |
_aGR-AtMCL _bgre _dGR-AtMCL _eAACR2 |
||
| 245 | 1 | _aΕΙΣΑΓΩΓΗ ΣΤΗΝ ΠΑΙΔΑΓΩΓΙΚΗ | |
| 250 | _a6 | ||
| 260 |
_bΑδελφοι Κυριακιδη, _c2005 |
||
| 300 | _a162 | ||
| 505 | 0 | _aΤΟ ΓΝΩΣΤΙΚΟ ΑΝΤΙΚΕΙΜΕΝΟ ΤΗΣ ΠΑΙΔΑΓΩΓΙΚΗΣ ΕΠΙΣΤΗΜΗΣ ΔΟΜΙΚΑ ΓΝΩΡΙΣΜΑΤΑ ΚΑΙ ΒΑΣΙΚΕΣ ΠΡΟΫΠΟΘΕΣΕΙΣ ΤΗΣ ΠΑΙΔΑΓΩΓΙΚΗΣ ΔΙΑΚΑΣΙΑΣ ΕΠΙΔΙΩΞΕΙΣ ΚΑΙ ΜΕΘΟΔΕΥΣΗ ΠΑΙΔΑΓΩΓΙΚΕΣ ΟΜΑΔΕΣ ΚΑΙ ΕΚΠΑΙΔΕΥΤΙΚΑ ΙΔΡΥΜΑΤΑ | |
| 520 | _aΤΟ ΓΝΩΣΤΙΚΟ ΑΝΤΙΚΕΙΜΕΝΟ ΤΗΣ ΠΑΙΔΑΓΩΓΙΚΗΣ ΕΠΙΣΤΗΜΗΣ ΔΟΜΙΚΑ ΓΝΩΡΙΣΜΑΤΑ ΚΑΙ ΒΑΣΙΚΕΣ ΠΡΟΫΠΟΘΕΣΕΙΣ ΤΗΣ ΠΑΙΔΑΓΩΓΙΚΗΣ ΔΙΑΚΑΣΙΑΣ ΕΠΙΔΙΩΞΕΙΣ ΚΑΙ ΜΕΘΟΔΕΥΣΗ ΠΑΙΔΑΓΩΓΙΚΕΣ ΟΜΑΔΕΣ ΚΑΙ ΕΚΠΑΙΔΕΥΤΙΚΑ ΙΔΡΥΜΑΤΑ | ||
| 700 | 1 |
_aΞωχελλης Παναγιωτης Δ _98226 |
|
| 942 | _cBK | ||
| 999 |
_c7426 _d7426 |
||